LEADER 04013nam a2200601 i 4500 001 991003421929707536 005 20021217150906.0 008 021210m19721974it 000 0 ita d 035 $ab11805663-39ule_inst 035 $aLE00300138$9ExL 040 $aDip.to Biologia$beng 082 0 $a590.3$221 100 1 $aGrzimek, Bernhard$0531126 245 10$aGrzimek vita degli animali :$bmoderna enciclopedia del regno animale /$cdirezione editoriale dell'edizione italiana di Guido Ceriotti 246 $aVita degli animali 260 3 $aMilano :$bBramante,$cc1972-1974 300 $a13 v. :$bill ;$c25 cm 500 $aTranslation of Grzimek's Animal Life Encyclopedia 505 $gVol.01:$tAnimali inferiori / a cura di Irenaus Eibl-Eibesfeldt ... [et al.] 505 $gVol.02:$tInsetti /a cura di Franz Bachmaier ... [et al.] 505 $gVol.03:$tMolluschi ed echinodermi / a cura di Bernhard Grzimek ... [et al.] 505 $gVol.04:$tPesci I / a cura di Bernhard Grzimek ... [et al.] 505 $gVol.05:$tPesci II / a cura di Bernhard Grzimek, Werner Ladiges 505 $gVol.06:$tRettili / a cura di Bernhard Grzimek ... [et al.] 505 $gVol.07:$tUccelli I / a cura di Bernhard Grzimek ... [et al.] 505 $gVol.08:$tUccelli II / a cura di Bernhard Grzimek ... [et al.] 505 $gVol.09:$tUccelli III / a cura di Bernhard Grzimek ... [et al.] 505 $gVol.10:$tMammiferi I / a cura di Walter Fiedler ... [et al.] 505 $gVol.11:$tMammiferi II / a cura di Irenaus Eibl-Eibesfeldt ... [et al.] 505 $gVol.12:$tMammiferi III / a cura di Rudolf Altevogt ... [et al.] 505 $gVol.13:$tMammiferi IV / a cura di A. G. Bannikov ... [et al.] 505 $gVol.14:Indice Generale 650 4$aZoology$vEncyclopedias 700 1 $aCeriotti, Guido 907 $a.b11805663$b08-11-10$c18-12-02 912 $a991003421929707536 945 $aLE003 590.3 GRZ01.01 V.01 (1972) RAM$g1$i2003000037739$lle003$o-$pE0.00$q-$rl$s- $t0$u1$v0$w1$x0$y.i12053946$z18-12-02 945 $aLE003 590.3 GRZ01.01 V.02 (1973) RAM$cV.2$g1$i2003000037746$lle003$o-$pE0.00$q-$rl$s- $t0$u7$v0$w7$x0$y.i12070129$z18-12-02 945 $aLE003 590.3 GRZ01.01 V.03 (1973) RAM$cV.3$g1$i2003000037753$lle003$o-$pE0.00$q-$rl$s- $t0$u1$v0$w1$x0$y.i12074986$z18-12-02 945 $aLE003 590.3 GRZ01.01 V.04 (1973) RAM$cV.4$g1$i2003000037760$lle003$o-$pE0.00$q-$rl$s- $t0$u2$v0$w2$x0$y.i1207729x$z18-12-02 945 $aLE003 590.3 GRZ01.01 V.05 (1974) RAM$cV.5$g1$i2003000037777$lle003$o-$pE0.00$q-$rl$s- $t0$u1$v0$w1$x0$y.i12077306$z18-12-02 945 $aLE003 590.3 GRZ01.01 V.06 (1974) RAM$cV.6$g1$i2003000037784$lle003$o-$pE0.00$q-$rl$s- $t0$u2$v0$w2$x0$y.i12080470$z18-12-02 945 $aLE003 590.3 GRZ01.01 V.07 (1974) RAM$cV.7$g1$i2003000037791$lle003$o-$pE0.00$q-$rl$s- $t0$u1$v0$w1$x0$y.i12083549$z18-12-02 945 $aLE003 590.3 GRZ01.01 V.08 (1974) RAM$cV.8$g1$i2003000037807$lle003$o-$pE0.00$q-$rl$s- $t0$u0$v0$w0$x0$y.i12083550$z18-12-02 945 $aLE003 590.3 GRZ01.01 V.09 (1974) RAM$cV.9$g1$i2003000037814$lle003$o-$pE0.00$q-$rl$s- $t0$u0$v0$w0$x0$y.i12083562$z18-12-02 945 $aLE003 590.3 GRZ01.01 V.10 (1974) RAM$cV.10$g1$i2003000037821$lle003$o-$pE0.00$q-$rl$s- $t0$u0$v0$w0$x0$y.i12072540$z18-12-02 945 $aLE003 590.3 GRZ01.01 V.11 (1974) RAM$cV.11$g1$i2003000037838$lle003$o-$pE0.00$q-$rl$s- $t0$u1$v0$w1$x0$y.i12072564$z18-12-02 945 $aLE003 590.3 GRZ01.01 V.12 (1974) RAM$cV.12$g1$i2003000037845$lle003$o-$pE0.00$q-$rl$s- $t0$u1$v0$w1$x0$y.i12072576$z18-12-02 945 $aLE003 590.3 GRZ01.01 V.13 (1974) RAM$cV.13$g1$i2003000037852$lle003$o-$pE0.00$q-$rl$s- $t0$u0$v0$w0$x0$y.i12072552$z18-12-02 945 $aLE003 590.3 GRZ01.01 V.14 (Index ed. 1974) RAM$cV.14 (Index)$g1$i2003000037869$lle003$op$pE0.00$q-$rl$s- $t0$u0$v0$w0$x0$y.i14410916$z27-03-07 996 $aGrzimek vita degli animali$9907487 997 $aUNISALENTO 998 $ale003$b01-01-02$cm$da $e-$fita$git $h0$i1 LEADER 00819nam0 2200253 450 001 9910991293803321 005 20250410122746.0 010 $a9791222741475 100 $a20250410d2025----km y0itay50 ba 101 $aita 102 $aIT 105 $aa 001yy 200 1 $aOltre il DNA$eViaggio nell'epigenetica : scoprire l'nfluenza nascosta dell'ambiente dello stile di vita sulla nostra eredità biologica e le nuove frontiere della medicina personalizzata$fAutori vari 210 $aMilano$cEpigetica Edizioni$dc2025 215 $a332 p.$cill.$d28 cm 610 0 $aEpigenetica 676 $a572.86$v23$zita 711 0 $aItalia$bEpigenetica$01802640 901 $aBK 912 $a9910991293803321 952 $a572.86-EPI-1$b205/2025$fSC1 959 $aSC1 996 $aOltre il DNA$94348674 997 $aUNINA